000 00851nas a2200265 4500
001 BR2010004234
003 BR-BrBNA
005 20231205114711.0
007 ta
008 230509b bl.|||p| |||| 00| 00por d
040 _aBR-BrBNA
_bpor
_cBiblioteca Nacional de Agricultura
041 _a(Pt)
072 _aK10
100 1 _aHess, A.F.
100 1 _aSchneider, P.R.
100 1 _aFinger, C.A.G.
245 1 _aCrescimento em diâmetro de Araucaria angustifolia (Bertol.)Kuntze em função da idade, em três regiões do Rio Grande do Sul
650 _aARAUCÁRIA
650 _aCRESCIMENTO
650 _aCONDIÇÃO AMBIENTAL
650 _aRIO GRANDE DO SUL
773 0 _tCiência Florestal (Brazil)
_xISSN 0103-9954
_g(Mar-Jun 2009), v. 19(1-2) p. 7-22
_wBR2010004234
909 _a202311
_bLúcia
_c55
_dLúcia Elande
942 _2AGRIS
_n0
_cANA
999 _c210031
_d210031